=LDR 00000nam 2200000 4500 =001 NUTBA000000000003735 =005 20140826104245.0 =006 =007 =008 =020 ##$$a 978-979-29-0516-8 =035 ##$$a 0010-081400000000580 =040 ##$$a NBPDMAT =082 ##$$a 720.224 =090 ##$$a 720.224 $b Mif d =100 ##$$a Miftahuddi =245 ##$$a Dasar-dasar menggambar teknik bangunan / $c miftahhuddi,Bambang Sunto H.S S.Pd =250 ##$$a Cet. 1 =260 ##$$a Yogyakarta : $b Andi, $c 2008 =300 ##$$a 108 hlm. : $b ilus. ; $c 28 cm. =650 ##$$a Arsitektur-menggambar =990 ##$$a 21405277